| 000 | 01092cam a2200349 i 4500 | ||
|---|---|---|---|
| 001 | 18979995 | ||
| 003 | NUST | ||
| 005 | 20211230181456.0 | ||
| 008 | 160218s2017 flu 001 0 eng | ||
| 010 | _a 2016007413 | ||
| 020 | _a9780815367697 | ||
| 038 | _aSMME | ||
| 040 |
_aDLC _beng _cDLC _erda _dDLC |
||
| 042 | _apcc | ||
| 050 | 0 | 0 |
_aTA405 _b.M68 2017 |
| 082 | 0 | 0 |
_a620.112 _223 _bMOT |
| 100 | 1 |
_aMott, Robert L., _eauthor. _987181 |
|
| 245 | 1 | 0 |
_aApplied Strength of Materials \ _cRobert L. Mott, Joseph A. Untener. |
| 250 | _aSixth edition. | ||
| 264 | 1 |
_aIndia : _bCRC Press, Taylor & Francis Group, _c[2018] |
|
| 300 |
_axv, 834 pages ; _c26 cm |
||
| 336 |
_atext _btxt _2rdacontent |
||
| 337 |
_aunmediated _bn _2rdamedia |
||
| 338 |
_avolume _bnc _2rdacarrier |
||
| 500 | _aIncludes index. | ||
| 563 | _aPB | ||
| 650 | 0 |
_aStrength of materials. _9563 |
|
| 700 | 1 |
_aUntener, Joseph A., _eauthor. _987182 |
|
| 906 |
_a7 _bcbc _corignew _d1 _eecip _f20 _gy-gencatlg |
||
| 942 |
_2ddc _cBK |
||
| 999 |
_c540452 _d540452 |
||